000 00818nam a2200193 a 4500
008 070810s2005 ||||||||||||||||| || u
020 _a9991131337
050 _aHD 7288.76 Map
100 _aMapetla, Matseliso 'Ma-Tlali
245 1 0 _aAspects of urban housing for women and men in Souther Africa: selected GRUPHEL III research
_cedited by Matsliso 'Ma-Tlali Mapetla
260 _aRoma
_bI.S.A.A.S.N.U.L
_c2005
300 _ax, 117p.
350 _a0.00
650 _aHOUSING--AFRICA, SOUTHERN
650 _aSEX DISCRIMINATION AGAINST WOMEN--AFRICA, SOUTHERN
650 _aHOUSING
650 _aDISCRIMINATION IN HOUSING--AFRICA, SOUTHERN
995 _D0.00
_FCBU-MAIN LIBRARY (Kitwe)
_H1
_I0.00
_M1
_UAVAILABLE
_WAug 10, 2007
_ZMain Library Open Access Collection
999 _c34922
_d34922